[Event "Komi-ch"]
[White "Uliashov, Dmitriy"]
[Black "Fedorov, Viktor"]
[Site "Vorkuta"]
[Round "3"]
[Result "1-0"]
[Date "2013.02.18"]
[WhiteElo "2243"]
[BlackElo "2118"]
[PlyCount "95"]
[EventDate "2013.02.16"]
[EventType "swiss"]
[EventRounds "9"]
[EventCountry "RUS"]
[SourceTitle "CBM 153 Extra"]
[Source "ChessBase"]
[SourceDate "2013.04.22"]
[SourceVersion "1"]
[SourceVersionDate "2013.04.22"]
[SourceQuality "1"]

1. e4 c6 2. d4 d5 3. Nc3 dxe4 4. Nxe4 Nd7 5. Nf3 Ngf6 6. Ng3 e6 7. Bd3 Be7 8. 0-0 0-0 9. Qe2 Re8 10. Bd2 Nf8 11. Rad1 Qb6 12. b4 Qc7 13. Ne5 Nd5 14. a3 Rd8 15. c4 Nf6 16. Bc3 Bd7 17. f4 g6 18. Rde1 Be8 19. f5 b5 20. fxg6 hxg6 21. c5 Nd5 22. Bd2 Bf6 23. Ne4 Bg7 24. Bg5 Nh7 25. Bxd8 Rxd8 26. Nd6 Rxd6 27. cxd6 Qxd6 28. Qf2 Bf6 29. Bb1 Kg7 30. Kh1 Nf8 31. Ba2 Qe7 32. Rc1 Bxe5 33. dxe5 Nd7 34. Bxd5 exd5 35. Qxa7 Qe6 36. Qc7 Qxe5 37. Qd8 Qb8 38. Qh4 Nf8 39. Rce1 Qc8 40. Rf3 Ne6 41. Qf6+ Kg8 42. Rh3 Ng7 43. Qh4 Nh5 44. Qg5 Ng7 45. Qh6 Nh5 46. Rxh5 gxh5 47. Re5 f6 48. Qxf6 1-0

[Event "Ukhta-ch"]
[White "Uliashov, Dmitriy"]
[Black "Ivanov, Gleb E"]
[Site "Ukhta"]
[Round "6"]
[Result "1-0"]
[Date "2012.12.15"]
[WhiteElo "2241"]
[BlackElo "1992"]
[PlyCount "77"]
[EventDate "2012.11.27"]
[EventType "tourn"]
[EventRounds "11"]
[EventCountry "RUS"]
[SourceTitle "EXT 2014"]
[Source "ChessBase"]
[SourceDate "2013.11.20"]
[SourceVersion "1"]
[SourceVersionDate "2013.11.20"]
[SourceQuality "1"]

1. d4 Nf6 2. Nf3 d6 3. Bf4 g6 4. e3 Bg7 5. Be2 Nh5 6. Bg5 h6 7. Bh4 g5 8. Bg3 Nxg3 9. hxg3 Bf5 10. Nbd2 Nc6 11. e4 Bg6 12. c3 0-0 13. Qb3 Qc8 14. Nh2 e5 15. d5 Ne7 16. g4 c6 17. c4 Qc7 18. Nhf1 a6 19. Ne3 Rfb8 20. 0-0 f6 21. c5 cxd5 22. exd5 b5 23. Rac1 Kh8 24. c6 Bf7 25. Bf3 h5 26. Rfd1 hxg4 27. Bxg4 Bg6 28. Be6 f5 29. g4 f4 30. Nf5 Bxf5 31. gxf5 g4 32. Qd3 Bf6 33. Qe4 f3 34. Kh2 Rg8 35. Kg3 Bh4+ 36. Kxh4 Nxd5 37. Kg3 Nf6 38. Rh1+ Kg7 39. Qe3 1-0

[Event "Komi-ch"]
[White "Uliashov, Dmitriy"]
[Black "Dmitriev, Vadim"]
[Site "Syktyvkar"]
[Round "9"]
[Result "1-0"]
[Date "2012.02.19"]
[WhiteElo "2260"]
[BlackElo "1745"]
[PlyCount "70"]
[EventDate "2012.02.11"]
[EventType "swiss"]
[EventRounds "9"]
[EventCountry "RUS"]
[SourceTitle "EXT 2014"]
[Source "ChessBase"]
[SourceDate "2013.11.20"]
[SourceVersion "1"]
[SourceVersionDate "2013.11.20"]
[SourceQuality "1"]

1. e4 c6 2. d4 d5 3. e5 Bf5 4. Bd3 e6 5. Ne2 Bg6 6. h4 Ne7 7. Nf4 Bxd3 8. Nxd3 Nf5 9. c3 Nxh4 10. g3 Ng6 11. Nd2 Nd7 12. b4 b6 13. f4 Rc8 14. Qf3 Ne7 15. g4 g6 16. Ba3 h5 17. gxh5 Rxh5 18. Rxh5 gxh5 19. Qxh5 Nf5 20. Nf3 Ng3 21. Qh7 Ne4 22. Nf2 Nxc3 23. f5 exf5 24. Qxf5 Nb5 25. Bc1 Bxb4+ 26. Kf1 Nf8 27. Ng4 Qc7 28. Bg5 Be7 29. Bxe7 Kxe7 30. Qg5+ Kd7 31. Nf6+ Ke6 32. Rc1 Rd8 33. a4 Na3 34. Nh4 Nd7 35. Qf5+ Ke7 1-0

[Event "Komi-ch"]
[White "Rikkinen, Stanislav"]
[Black "Uliashov, Dmitriy"]
[Site "Syktyvkar"]
[Round "7"]
[Result "1/2-1/2"]
[Date "2012.02.17"]
[WhiteElo "2144"]
[BlackElo "2260"]
[PlyCount "22"]
[EventDate "2012.02.11"]
[EventType "swiss"]
[EventRounds "9"]
[EventCountry "RUS"]
[SourceTitle "EXT 2014"]
[Source "ChessBase"]
[SourceDate "2013.11.20"]
[SourceVersion "1"]
[SourceVersionDate "2013.11.20"]
[SourceQuality "1"]

1. d4 d5 2. Nc3 c6 3. g3 Bf5 4. Bg2 Nf6 5. Bg5 Nbd7 6. Nf3 Ne4 7. Nxe4 Bxe4 8. c3 Qb6 9. b4 a5 10. a3 e6 11. 0-0 h6 1/2-1/2

[Event "Komi-ch"]
[White "Uliashov, Dmitriy"]
[Black "Shapovalenko, Maksim"]
[Site "Pechora"]
[Round "5"]
[Result "1-0"]
[Date "2011.02.24"]
[WhiteElo "2268"]
[BlackElo "2214"]
[PlyCount "89"]
[EventDate "2011.02.20"]
[EventType "swiss"]
[EventRounds "9"]
[EventCountry "RUS"]
[SourceTitle "CBM 141 Extra"]
[Source "ChessBase"]
[SourceDate "2011.05.03"]
[SourceVersion "1"]
[SourceVersionDate "2011.05.03"]
[SourceQuality "1"]

1. Nf3 f5 2. c4 g6 3. g3 Bg7 4. Bg2 e5 5. d3 d6 6. Nc3 Nf6 7. 0-0 0-0 8. Qb3 Kh8 9. Qa3 c6 10. b4 Qe7 11. b5 c5 12. Bg5 Be6 13. e4 Nbd7 14. exf5 gxf5 15. Nh4 Nb6 16. Qc1 Qf7 17. a4 Rae8 18. a5 Nc8 19. Kh1 e4 20. dxe4 fxe4 21. Bxf6 Qxf6 22. Ra3 Bxc4 23. Nxe4 Rxe4 24. Bxe4 Bxf1 25. Qxf1 Qd4 26. Bf3 c4 27. Re3 c3 28. Rd3 Qc5 29. Ng6+ hxg6 30. Qh3+ Kg8 31. Bd5+ Rf7 32. Qe6 c2 33. Qxf7+ Kh7 34. g4 c1Q+ 35. Kg2 Q5c3 36. Rxc3 Qxc3 37. g5 Ne7 38. Qxe7 Qd2 39. Bxb7 Qxa5 40. Qe2 Qc7 41. Be4 Qc5 42. Qh5+ Kg8 43. Qxg6 Qxb5 44. Qe6+ Kf8 45. Bd5 1-0

[Event "Ukhta-ch"]
[White "Solovyev, Anton"]
[Black "Uliashov, Dmitriy"]
[Site "Ukhta"]
[Round "12"]
[Result "0-1"]
[Date "2010.12.11"]
[WhiteElo "2074"]
[BlackElo "2257"]
[PlyCount "96"]
[EventDate "2010.11.04"]
[EventType "tourn"]
[EventRounds "13"]
[EventCountry "RUS"]
[SourceTitle "EXT 2022"]
[Source "ChessBase"]
[SourceDate "2021.10.06"]
[SourceVersion "1"]
[SourceVersionDate "2021.10.06"]
[SourceQuality "1"]

1. e4 c5 2. Nf3 Nc6 3. d4 cxd4 4. Nxd4 g6 5. Nc3 Bg7 6. Be3 Nf6 7. Bc4 Qa5 8. Nxc6 dxc6 9. f3 0-0 10. 0-0 Nd7 11. Qe1 Ne5 12. Bb3 Rd8 13. Qh4 Bf6 14. Qe1 Qa6 15. Rd1 Be6 16. Na4 Rxd1 17. Qxd1 Nc4 18. Bf2 Nxb2 19. Nxb2 Bxb3 20. axb3 Bxb2 21. Qd7 e6 22. Rd1 Bf6 23. Qc7 Qe2 24. Rd7 Qxc2 25. g3 Qxb3 26. Rxf7 Qxf3 27. Qxb7 Rd8 28. Rd7 Rxd7 29. Qxd7 Qxe4 30. Qxa7 Qd5 31. Bc5 Qd8 32. Kg2 e5 33. Kg1 e4 34. Kg2 h5 35. h4 Bg7 36. Kh3 Qd1 37. Kg2 Qf3+ 38. Kh2 Qe2+ 39. Kh3 Qg4+ 40. Kg2 Qe6 41. Kh2 Qd5 42. Kh3 Bf8 43. Bf2 c5 44. Qb6 Qf5+ 45. Kg2 c4 46. Qc6 Qf3+ 47. Kg1 Kh7 48. Qd7+ Bg7 0-1

[Event "Ukhta-ch"]
[White "Uliashov, Dmitriy"]
[Black "Karpov, Ivan"]
[Site "Ukhta"]
[Round "11"]
[Result "1-0"]
[Date "2010.12.06"]
[WhiteElo "2257"]
[BlackElo "1794"]
[PlyCount "93"]
[EventDate "2010.11.04"]
[EventType "tourn"]
[EventRounds "13"]
[EventCountry "RUS"]
[SourceTitle "EXT 2022"]
[Source "ChessBase"]
[SourceDate "2021.10.06"]
[SourceVersion "1"]
[SourceVersionDate "2021.10.06"]
[SourceQuality "1"]

1. e4 e5 2. Nf3 Nf6 3. Nxe5 d6 4. Nf3 Nxe4 5. Nc3 Nxc3 6. dxc3 Be7 7. Be3 Nc6 8. Qd2 Bg4 9. h3 Bxf3 10. gxf3 a6 11. 0-0-0 Qd7 12. h4 Qf5 13. f4 Qa5 14. Kb1 0-0-0 15. Bc4 Rhf8 16. Qd3 h6 17. Qe4 Bf6 18. Rd5 b5 19. Bb3 Ne7 20. Rdd1 c6 21. c4 bxc4 22. Qxc4 Qb5 23. a4 Qxc4 24. Bxc4 Kb7 25. Rd3 c5 26. Rhd1 Nf5 27. Rb3+ Ka7 28. Rxd6 Rxd6 29. Bxc5+ Ka8 30. Be2 Nd4 31. Bxd4 Rxd4 32. Bf3+ Ka7 33. Rb7+ Ka8 34. Rxf7+ Kb8 35. Rxf8+ Kc7 36. Rf7+ Kd8 37. Bc6 Rxf4 38. Ra7 Rb4 39. b3 Rf4 40. Rxa6 Rxf2 41. b4 Bxh4 42. b5 Rf1+ 43. Ka2 Bf2 44. a5 Kc7 45. Bd5 Bd4 46. c3 Bxc3 47. Rc6+ 1-0

[Event "Ukhta-ch"]
[White "Uliashov, Dmitriy"]
[Black "Vasilev, Peter"]
[Site "Ukhta"]
[Round "6"]
[Result "1-0"]
[Date "2010.11.14"]
[WhiteElo "2257"]
[BlackElo "1969"]
[PlyCount "141"]
[EventDate "2010.11.04"]
[EventType "tourn"]
[EventRounds "13"]
[EventCountry "RUS"]
[SourceTitle "EXT 2022"]
[Source "ChessBase"]
[SourceDate "2021.10.06"]
[SourceVersion "1"]
[SourceVersionDate "2021.10.06"]
[SourceQuality "1"]

1. d4 d5 2. c4 c6 3. Nf3 Nf6 4. Nc3 Bf5 5. Qb3 b6 6. Ne5 dxc4 7. Qxc4 Be6 8. Qd3 Nfd7 9. Nf3 f6 10. e4 Bf7 11. Be2 e6 12. 0-0 Bd6 13. Rd1 0-0 14. e5 Be7 15. a3 a5 16. Qe3 Qe8 17. Bc4 b5 18. Ba2 Nb6 19. exf6 Bxf6 20. Ng5 Nd5 21. Qh3 h6 22. Nxf7 Qxf7 23. Ne4 Nd7 24. Be3 Be7 25. Rac1 Rac8 26. Rd2 Qf5 27. Qxf5 Rxf5 28. Rdc2 Nb8 29. Bd2 a4 30. Nc5 Kf7 31. Nd3 Bd6 32. Re1 h5 33. Bc1 h4 34. Rce2 Re8 35. h3 Nd7 36. Re4 g5 37. Bb1 Nf4 38. Bxf4 Bxf4 39. Ba2 Nf8 40. Nc5 Rf6 41. R4e2 Rh6 42. Ne4 Rd8 43. g3 hxg3 44. fxg3 Bc7 45. Rf1+ Kg7 46. Nxg5 Bb6 47. h4 Bxd4+ 48. Kg2 e5 49. Rf7+ Kh8 50. Rc7 Rf6 51. Nf7+ Rxf7 52. Bxf7 Rd7 53. Rxd7 Nxd7 54. Be8 Nb8 55. Kf3 Kg7 56. Rc2 Kf8 57. Bxc6 Nxc6 58. Rxc6 Bxb2 59. Rb6 Bxa3 60. Rxb5 Bd6 61. Ke4 a3 62. Rb7 Kg8 63. g4 Bc5 64. Rb5 Bd4 65. Ra5 Bb2 66. Ra7 Kh8 67. g5 Kg8 68. g6 Bd4 69. Rxa3 Kg7 70. h5 Kh6 71. Rg3 1-0

[Event "Ukhta Spring"]
[White "Zyrianov, Leonid"]
[Black "Uliashov, Dmitriy"]
[Site "Ukhta"]
[Round "1"]
[Result "0-1"]
[Date "2010.04.03"]
[WhiteElo "1922"]
[BlackElo "2266"]
[PlyCount "40"]
[EventDate "2010.04.17"]
[EventType "tourn"]
[EventRounds "11"]
[EventCountry "RUS"]
[SourceTitle "EXT 2013"]
[Source "ChessBase"]
[SourceDate "2012.11.22"]
[SourceVersion "1"]
[SourceVersionDate "2012.11.22"]
[SourceQuality "1"]

1. d4 Nf6 2. Nf3 e6 3. c4 c5 4. Nc3 cxd4 5. Nxd4 Nc6 6. e3 Be7 7. a3 0-0 8. b3 d5 9. Bb2 e5 10. Nf3 d4 11. exd4 exd4 12. Nb5 Re8 13. Kd2 Ne4+ 14. Kc1 Nxf2 15. Qd2 Nxh1 16. Bd3 Bf6 17. Kc2 g6 18. c5 Ne5 19. Nxe5 Rxe5 20. b4 Bg5 0-1

[Event "Komi-ch"]
[White "Uliashov, Dmitriy"]
[Black "Bratus, Petr P"]
[Site "Ukhta"]
[Round "6"]
[Result "1-0"]
[Date "2010.02.16"]
[WhiteElo "2282"]
[BlackElo "2187"]
[PlyCount "83"]
[EventDate "2010.02.11"]
[EventType "swiss"]
[EventRounds "10"]
[EventCountry "RUS"]
[SourceTitle "CBM 135 Extra"]
[Source "ChessBase"]
[SourceDate "2010.05.04"]
[SourceVersion "1"]
[SourceVersionDate "2010.05.04"]
[SourceQuality "1"]

1. e4 e5 2. Nf3 Nc6 3. Bb5 Nf6 4. 0-0 Nxe4 5. Re1 Nd6 6. Nxe5 Nxe5 7. Rxe5+ Be7 8. Nc3 c6 9. Bf1 0-0 10. d4 Bf6 11. Re1 Ne8 12. d5 d6 13. Bf4 c5 14. Bd3 a6 15. a4 g6 16. Qf3 Ng7 17. Bxd6 Bxc3 18. Bxf8 Bxe1 19. Bxg7 Bxf2+ 20. Qxf2 Kxg7 21. Qxc5 Qg5 22. Re1 Bh3 23. Bf1 Bf5 24. c4 Qd2 25. Re2 Qd1 26. a5 Rc8 27. Qe3 Rxc4 28. Re1 Qxd5 29. Bxc4 Qxc4 30. Qe5+ Kh6 31. h3 Qb3 32. Re3 Qd1+ 33. Kh2 Qd8 34. Rf3 Be6 35. Rf4 Ba2 36. Rb4 f6 37. Qe3+ g5 38. Rxb7 Qxa5 39. Qe7 Qe5+ 40. Qxe5 fxe5 41. Rb6+ Kg7 42. Rxa6 1-0

[Event "Kostroma Volga Cup op"]
[White "Uliashov, Dmitriy"]
[Black "Konovalov, Viatcheslav"]
[Site "Kostroma"]
[Round "4"]
[Result "1-0"]
[Date "2009.07.??"]
[WhiteElo "2274"]
[BlackElo "2079"]
[PlyCount "49"]
[EventDate "2009.07.03"]
[EventType "swiss"]
[EventRounds "9"]
[EventCountry "RUS"]
[SourceTitle "EXT 2021"]
[Source "ChessBase"]
[SourceDate "2020.10.23"]
[SourceVersion "1"]
[SourceVersionDate "2020.10.23"]
[SourceQuality "1"]

1. e4 e5 2. Nc3 Nc6 3. f4 exf4 4. d4 Bb4 5. Bxf4 d6 6. Nf3 Nf6 7. Bg5 h6 8. Bxf6 Qxf6 9. Bb5 a6 10. Ba4 b5 11. Bb3 Na5 12. 0-0 Bxc3 13. bxc3 Nxb3 14. axb3 0-0 15. Qd3 Bb7 16. d5 Rae8 17. c4 b4 18. Ra4 Qc3 19. Nd4 Re5 20. Ne2 Qb2 21. Rxb4 Ba8 22. Ra4 Rfe8 23. Ng3 f5 24. Ra2 fxe4 25. Qe3 1-0

[Event "Kostroma Volga Cup op"]
[White "Zabotin, Alexander"]
[Black "Uliashov, Dmitriy"]
[Site "Kostroma"]
[Round "5"]
[Result "1-0"]
[Date "2009.07.??"]
[WhiteElo "2510"]
[BlackElo "2274"]
[PlyCount "87"]
[EventDate "2009.07.03"]
[EventType "swiss"]
[EventRounds "9"]
[EventCountry "RUS"]
[SourceTitle "EXT 2021"]
[Source "ChessBase"]
[SourceDate "2020.10.23"]
[SourceVersion "1"]
[SourceVersionDate "2020.10.23"]
[SourceQuality "1"]

1. Nf3 c5 2. e4 d6 3. d4 cxd4 4. Nxd4 Nf6 5. Nc3 g6 6. Be2 Bg7 7. 0-0 0-0 8. Re1 Nc6 9. Nb3 a5 10. a3 a4 11. Nd2 Be6 12. Nf3 d5 13. Ng5 d4 14. Nb1 Bc8 15. Bc4 Ne5 16. Ba2 h6 17. Bf4 Nh5 18. Bxe5 Bxe5 19. Nf3 Bg7 20. e5 Bg4 21. h3 Bxf3 22. Qxf3 Qa5 23. Qe4 Rac8 24. c3 Qb6 25. Nd2 dxc3 26. bxc3 Rxc3 27. Qxa4 Rd8 28. Nc4 Qc5 29. Rab1 Nf4 30. Nd6 Nxh3+ 31. gxh3 exd6 32. Qf4 Qc7 33. Qe4 d5 34. Bxd5 Qc5 35. Red1 Re8 36. Rxb7 Re7 37. Bxf7+ Rxf7 38. Rxf7 Kxf7 39. e6+ Kg8 40. e7 Rg3+ 41. Kh1 Qxf2 42. e8Q+ Kh7 43. Qd7 h5 44. Qeb7 1-0

[Event "Ukhta"]
[White "Vasilev, Peter"]
[Black "Uliashov, Dmitriy"]
[Site "Ukhta"]
[Round "8"]
[Result "0-1"]
[Date "2009.04.07"]
[WhiteElo "1974"]
[BlackElo "2274"]
[PlyCount "34"]
[EventDate "2009.04.02"]
[EventType "tourn"]
[EventRounds "11"]
[EventCountry "RUS"]
[SourceTitle "EXT 2012"]
[Source "ChessBase"]
[SourceDate "2011.11.24"]
[SourceVersion "1"]
[SourceVersionDate "2011.11.24"]
[SourceQuality "1"]

1. Nf3 d5 2. g3 Nf6 3. Bg2 c6 4. d4 g6 5. 0-0 Bg7 6. Nbd2 0-0 7. c4 Bf5 8. Re1 Nbd7 9. Qb3 Qb6 10. Qa3 Ne4 11. e3 e5 12. cxd5 cxd5 13. dxe5 Nxe5 14. Nxe5 Bxe5 15. Nf3 Bd6 16. Qa4 Bb4 17. Rd1 Nc5 0-1

[Event "Ukhta"]
[White "Ivanov, Gleb E"]
[Black "Uliashov, Dmitriy"]
[Site "Ukhta"]
[Round "6"]
[Result "0-1"]
[Date "2009.04.05"]
[WhiteElo "1946"]
[BlackElo "2274"]
[PlyCount "80"]
[EventDate "2009.04.02"]
[EventType "tourn"]
[EventRounds "11"]
[EventCountry "RUS"]
[SourceTitle "EXT 2012"]
[Source "ChessBase"]
[SourceDate "2011.11.24"]
[SourceVersion "1"]
[SourceVersionDate "2011.11.24"]
[SourceQuality "1"]

1. Nf3 d5 2. d4 Nf6 3. e3 c6 4. Nbd2 Bg4 5. Be2 Nbd7 6. 0-0 Qc7 7. b3 e5 8. dxe5 Nxe5 9. Bb2 Bd6 10. Nxe5 Bxe2 11. Qxe2 Bxe5 12. Bxe5 Qxe5 13. c4 0-0 14. cxd5 Nxd5 15. Nc4 Qf6 16. Qb2 Qxb2 17. Nxb2 Rfd8 18. Rac1 Nb4 19. a3 Nd3 20. Rc2 Nxb2 21. Rxb2 Rd3 22. h3 Rad8 23. Rc1 Rd1+ 24. Rxd1 Rxd1+ 25. Kh2 Kf8 26. Kg3 Ke7 27. Kf3 b5 28. Ke2 Rg1 29. g3 g5 30. a4 b4 31. Kd3 a5 32. Kc4 Rc1+ 33. Kd4 Rc3 34. g4 Ke6 35. Ke4 c5 36. f4 gxf4 37. Kxf4 f6 38. h4 c4 39. bxc4 Rxc4+ 40. e4 h6 0-1

[Event "Ukhta"]
[White "Uliashov, Dmitriy"]
[Black "Olhovskiy, Aleksandr"]
[Site "Ukhta"]
[Round "1"]
[Result "1-0"]
[Date "2009.04.02"]
[WhiteElo "2274"]
[BlackElo "1884"]
[PlyCount "55"]
[EventDate "2009.04.02"]
[EventType "tourn"]
[EventRounds "11"]
[EventCountry "RUS"]
[SourceTitle "EXT 2012"]
[Source "ChessBase"]
[SourceDate "2011.11.24"]
[SourceVersion "1"]
[SourceVersionDate "2011.11.24"]
[SourceQuality "1"]

1. d4 Nf6 2. Nf3 g6 3. c4 Bg7 4. Nc3 0-0 5. e4 d6 6. Be2 Nbd7 7. 0-0 e5 8. d5 Ne8 9. b4 h6 10. Ne1 f5 11. f3 Ndf6 12. Nd3 Nh7 13. Be3 f4 14. Bf2 Nef6 15. c5 Nh5 16. Qd2 Qg5 17. cxd6 cxd6 18. Nb5 Qe7 19. Rac1 b6 20. Rc7 Qd8 21. Rfc1 Rf7 22. Rxc8 Rxc8 23. Rxc8 Qxc8 24. Nxd6 Qd7 25. Nxf7 Kxf7 26. Qc3 Qe7 27. a4 Nf8 28. a5 1-0